000 00696nam a2200229 i 4500
001 18628
003 ES-MaACL
005 20250809035208.0
007 t|
008 011016s1999 sp ||||0| spa j
020 _a84-8002-939-0
040 _aM-BN
_bspa
_cM-BN
080 _a343(460)(075.8)
100 1 _aMuñoz Conde, Francisco.
_984376
245 1 0 _aDerecho penal.
_pParte especial /
_cFrancisco Muñoz Conde.
250 _a12ª ed., completamente rev. y puesta al día.
260 _aValencia :
_bTirant lo Blanch,
_c1999.
300 _a1030 p ;
_c24 cm.
650 0 4 _aDerecho penal-
_zEspaña
_911752
852 _aES-MaACL
_jL-25193
_bR.130397
999 _c18628
_d18628